000 01635cam a2200445 4500
003 PE-LiUPU
005 20250731173402.0
020 _a8487940447
035 _a(Sirsi) i9788487940446
035 _a(Sirsi) 45518
035 _a(Sirsi) 45518
041 _aes
044 _aes
082 0 4 _a227.8507
_bB97
100 1 _aBurt, David F.
245 _aPor qué necesitamos pastore :
_bTito 1:1-16 /
_cDavid F. Burt.
264 1 _aBarcelona :
_bPublicaciones Andamio,
_c1999
300 _a219 páginas ;
_c20 cm.
490 0 _aComentario Ampliado del Nuevo Testamento
_v156
505 0 _aReconocimiento -- Introducción a la epístola de Tito -- Siervo y apóstol (Tito 1:1a) -- El ministerio apostólico de Pablo(1:1b-3).-Verdadero hijo en la fe (1:4) -- La corrección de deficiencias (1:5) -- El anciano y su relaciones familiare
526 _aSEG42
526 _aSEG41
526 _aSEG40
526 _aSEG39
526 _aP94
526 _aP87
526 _aP86
526 _aP85
526 _aP77
526 _aP76
526 _aP35
630 _aBiblia
_pN.T.
_pTito
_xComentarios
942 _2ddc
_cBOOK
949 _a227.8507 B97
_i63074
_lCCODEBUL1
_mBUL
_tLIBRO
_o.STAFF. Colección General
859 _q63074
_h227.8507
_iB97
910 _agl
_bjv
_cng
_d20110603
596 _a1
999 _a227.8507 B97
_wDEWEY
_c52090
_i63074
_d52090
_f2021-11-9
_g5
_lCCODEBUL1
_mBUL
_p14.00
_q2
_r0
_sY
_tBOOK
_u2015-7-6
_xTEOLOGIA
_PP35
_0COMPRA
_o.STAFF. Colección General
980 _81
_gALBERTO SANCHEZ Responsable de Automatización